[Event "DEM U14w 2008"]
[Site "Willingen GER"]
[Date "2008.05.12"]
[Round "3"]
[White "Orhan, Eda"]
[Black "Evers, Annika"]
[Result "1/2-1/2"]
[Termination "normal"]
[Board "9"]
[WhiteElo "1534"]
[BlackElo "1516"]
[PlyCount "60"]
[WhiteFideId "24659258"]
[BlackFideId "24691933"]
[EventCountry "GER"]
[EventRounds "9"]
[EventType "swiss"]
[EventDate "2008.05.10"]

1. d4 d5 2. Nf3 Nf6 3. e3 Bf5 4. c4 c6 5. cxd5 cxd5 6. Qb3 b6 7. Bd2 Nbd7 8.
Bb5 e6 9. O-O Rc8 10. Bb4 Bxb4 11. Qxb4 a5 12. Qa3 Qe7 13. Qxe7+ Kxe7 14. Nc3
Rhd8 15. Rac1 Ne4 16. Nxe4 Bxe4 17. Ng5 Bg6 18. f3 Kd6 19. e4 dxe4 20. Nxe4+
Ke7 21. Rfd1 Nf6 22. Nxf6 Kxf6 23. Rc6 Rxc6 24. Bxc6 Rc8 25. Be4 Bxe4 26. fxe4
Rc2 27. Rf1+ Ke7 28. Rf2 Rc4 29. Rd2 Kd6 30. Kf2 b5 1/2-1/2

[Event "DEM U14w 2008"]
[Site "Willingen GER"]
[Date "2008.05.12"]
[Round "3"]
[White "Friese, Sarah"]
[Black "Schäfer, Ann-Kathrin"]
[Result "1/2-1/2"]
[Termination "normal"]
[Board "10"]
[WhiteElo "1338"]
[BlackElo "1673"]
[PlyCount "28"]
[WhiteFideId "24691950"]
[BlackFideId "24615412"]
[EventCountry "GER"]
[EventRounds "9"]
[EventType "swiss"]
[EventDate "2008.05.10"]

1. e4 e6 2. d4 d5 3. exd5 exd5 4. Nc3 c6 5. Bd3 Bd6 6. Nge2 Nf6 7. Bg5 Bg4 8.
f3 Bh5 9. O-O O-O 10. Nf4 Qc7 11. g3 Nbd7 12. Nxh5 Nxh5 13. Be3 f5 14. f4 g6
1/2-1/2

[Event "DEM U14w 2008"]
[Site "Willingen GER"]
[Date "2008.05.12"]
[Round "3"]
[White "Hümmecke, Miriam"]
[Black "Rogasch, Miriam"]
[Result "1-0"]
[Termination "normal"]
[Board "11"]
[WhiteElo "1471"]
[BlackElo "1560"]
[PlyCount "41"]
[BlackFideId "4616324"]
[EventCountry "GER"]
[EventRounds "9"]
[EventType "swiss"]
[EventDate "2008.05.10"]

1. f4 g6 2. e3 Bg7 3. Nf3 d5 4. Be2 Bg4 5. O-O Nd7 6. d3 c6 7. Nbd2 e5 8. h3
Bxf3 9. Bxf3 Ngf6 10. b3 e4 11. dxe4 Nxe4 12. Nxe4 dxe4 13. Bg4 Bxa1 14. Ba3
Bg7 15. Qd6 c5 16. Rd1 f5 17. Be2 a6 18. Bc4 Qe7 19. Qc7 Rd8 20. Rd6 Nf8 21.
Rxd8+ 1-0

[Event "DEM U14w 2008"]
[Site "Willingen GER"]
[Date "2008.05.12"]
[Round "3"]
[White "Rozenfeld, Elisabeth"]
[Black "Marx, Inga"]
[Result "1/2-1/2"]
[Termination "normal"]
[Board "12"]
[WhiteElo "1372"]
[BlackElo "1530"]
[PlyCount "110"]
[WhiteFideId "4624742"]
[BlackFideId "4654749"]
[EventCountry "GER"]
[EventRounds "9"]
[EventType "swiss"]
[EventDate "2008.05.10"]

1. e4 d5 2. exd5 Qxd5 3. Nc3 Qa5 4. d4 c6 5. Nf3 Nf6 6. Bc4 Bf5 7. O-O e6 8.
Bf4 Bb4 9. Ne2 Nbd7 10. c3 Be7 11. Ng3 Bg6 12. Bd3 Nd5 13. Bxg6 Nxf4 14. Bc2
O-O 15. Qd2 Qc7 16. Ne5 Bg5 17. Qe1 Nxe5 18. Qxe5 Qxe5 19. dxe5 Nd5 20. Ne4 Bf4
21. Nc5 Ne3 22. Rfc1 Nc4 23. Rab1 b6 24. Nd3 Bg5 25. f4 Ne3 26. Bb3 Be7 27. Re1
Nd5 28. c4 Nb4 29. Nxb4 Bxb4 30. Red1 Rfd8 31. Ba4 Bc5+ 32. Kf1 b5 33. cxb5
cxb5 34. Rxd8+ Rxd8 35. Bxb5 Rd2 36. Rc1 Bb6 37. Rc8+ Rd8 38. Rxd8+ Bxd8 39.
Kf2 Bb6+ 40. Kf3 Kf8 41. Ke4 Ke7 42. b3 Bc5 43. a4 a5 44. Kf3 g6 45. Ke4 f5+
46. exf6+ Kxf6 47. Bc4 h5 48. h3 h4 49. Kf3 e5 50. fxe5+ Kxe5 51. Kg4 Bf2 52.
Kg5 Be1 53. Kxg6 Kf4 54. Kf6 Kg3 55. Bd5 Bb4 1/2-1/2

[Event "DEM U14w 2008"]
[Site "Willingen GER"]
[Date "2008.05.13"]
[Round "4"]
[White "Schulz, Anja"]
[Black "Klek, Hanna-Marie"]
[Result "1/2-1/2"]
[Termination "normal"]
[Board "1"]
[WhiteElo "1863"]
[BlackElo "1919"]
[PlyCount "54"]
[WhiteFideId "24647845"]
[BlackFideId "24670057"]
[EventCountry "GER"]
[EventRounds "9"]
[EventType "swiss"]
[EventDate "2008.05.10"]

1. e4 c5 2. Nf3 d6 3. d4 cxd4 4. Nxd4 Nf6 5. Nc3 a6 6. Be3 e5 7. Nb3 Be6 8. f3
Be7 9. Qd2 Qc7 10. O-O-O O-O 11. Kb1 Nbd7 12. g4 Nb6 13. Qf2 Nc4 14. Bxc4 Bxc4
15. g5 Nd7 16. Nd5 Bxd5 17. Rxd5 f5 18. Qg2 Rac8 19. h4 Nb6 20. Bxb6 Qxb6 21.
exf5 Rxf5 22. Nd4 Rf4 23. Nb3 Qc6 24. Rd3 Rcf8 25. Rc3 Qd5 26. Re3 Qc6 27. Rc3
Qd5 1/2-1/2

[Event "DEM U14w 2008"]
[Site "Willingen GER"]
[Date "2008.05.13"]
[Round "4"]
[White "Kostré, Margarita"]
[Black "Schäfer, Daniela"]
[Result "0-1"]
[Termination "normal"]
[Board "2"]
[WhiteElo "1752"]
[BlackElo "1785"]
[PlyCount "54"]
[WhiteFideId "4673344"]
[BlackFideId "4624769"]
[EventCountry "GER"]
[EventRounds "9"]
[EventType "swiss"]
[EventDate "2008.05.10"]

1. e4 d6 2. d4 Nf6 3. Nc3 c6 4. f3 e6 5. Be3 Be7 6. Qd2 d5 7. e5 Nfd7 8. O-O-O
c5 9. Nge2 Nc6 10. f4 a6 11. dxc5 Nxc5 12. Nd4 Nxd4 13. Bxd4 Bd7 14. Qf2 Rc8
15. g4 b5 16. b4 Nb7 17. Bb6 Bh4 18. Qd4 Qe7 19. f5 O-O 20. Bh3 Rc4 21. Qd3
Qxb4 22. Nb1 Rfc8 23. Na3 Rc3 24. Qd2 Qxa3+ 25. Kb1 Qb4+ 26. Kc1 Bg5 27. Qxg5
Rxc2# 0-1

[Event "DEM U14w 2008"]
[Site "Willingen GER"]
[Date "2008.05.13"]
[Round "4"]
[White "Kühnel, Lena"]
[Black "Stark, Saskia"]
[Result "0-1"]
[Termination "normal"]
[Board "3"]
[WhiteElo "1672"]
[BlackElo "1926"]
[PlyCount "60"]
[WhiteFideId "24640956"]
[BlackFideId "4601050"]
[EventCountry "GER"]
[EventRounds "9"]
[EventType "swiss"]
[EventDate "2008.05.10"]

1. e4 c5 2. Nf3 e6 3. d4 cxd4 4. Nxd4 a6 5. Bd3 Qc7 6. O-O b5 7. Qe2 Bb7 8. Bd2
Nf6 9. a4 b4 10. c3 bxc3 11. Nxc3 Be7 12. e5 Nd5 13. Nxd5 Bxd5 14. Rac1 Nc6 15.
Nxc6 dxc6 16. Bc4 O-O 17. b3 Qb7 18. Rc2 c5 19. f3 Rfd8 20. Be3 Rab8 21. Rb1 g6
22. Bxa6 Qc7 23. Bf2 Bxb3 24. Rcc1 Bxa4 25. Rxb8 Rxb8 26. Qc4 Qc6 27. Bxc5
Bxc5+ 28. Qxc5 Qxa6 29. Ra1 Qb5 30. Qd4 Bb3 0-1

[Event "DEM U14w 2008"]
[Site "Willingen GER"]
[Date "2008.05.13"]
[Round "4"]
[White "Korman, Jewgenija"]
[Black "Tran, My Linh"]
[Result "0-1"]
[Termination "normal"]
[Board "4"]
[WhiteElo "1774"]
[BlackElo "1480"]
[PlyCount "138"]
[WhiteFideId "24606669"]
[BlackFideId "24682462"]
[EventCountry "GER"]
[EventRounds "9"]
[EventType "swiss"]
[EventDate "2008.05.10"]

1. e4 e5 2. Nf3 Nc6 3. Bc4 Bc5 4. c3 Nf6 5. d3 d6 6. a4 a6 7. b4 Ba7 8. Be3 Bg4
9. O-O O-O 10. Nbd2 d5 11. exd5 Nxd5 12. Bxd5 Qxd5 13. Bxa7 Rxa7 14. Qc2 Rd8
15. Ne1 Be2 16. c4 Qd7 17. b5 Nd4 18. Qb2 axb5 19. cxb5 Bxf1 20. Kxf1 Qd6 21.
Nc4 Qh6 22. h3 Qf4 23. b6 cxb6 24. Qxb6 Nc6 25. a5 Qd4 26. Ra3 Qxb6 27. axb6
Rxa3 28. Nxa3 Nb4 29. Ke2 Rd6 30. Nc4 Re6 31. Ke3 Nd5+ 32. Ke4 Nxb6 33. Nxb6
Rxb6 34. Nf3 f6 35. Nd2 Rb2 36. Ke3 b5 37. g3 Kf7 38. Ne4 Ke6 39. h4 b4 40. f3
Rc2 41. Nd2 Kd5 42. Nb3 Rb2 43. Nd2 Rxd2 44. Kxd2 Kd4 45. Kc2 b3+ 46. Kb2 Kxd3
47. Kb1 Ke3 48. Kb2 Kxf3 49. Kxb3 e4 50. Kc4 e3 51. Kd5 e2 52. Ke6 e1=Q+ 53.
Kf7 Qxg3 54. Kg8 Kf4 55. Kh8 Kf5 56. Kg8 Qc7 57. Kxh7 g5+ 58. Kh6 Qf7 59. h5
Qf8+ 60. Kh7 g4 61. h6 Qe8 62. Kg7 Qg6+ 63. Kh8 Qxh6+ 64. Kg8 Qh5 65. Kg7 Ke6
66. Kg8 f5 67. Kg7 Qg5+ 68. Kh8 Kf7 69. Kh7 Qg7# 0-1

[Event "DEM U14w 2008"]
[Site "Willingen GER"]
[Date "2008.05.13"]
[Round "4"]
[White "Weißenburg, Isabel"]
[Black "Schätz, Annika"]
[Result "0-1"]
[Termination "normal"]
[Board "5"]
[WhiteElo "1406"]
[BlackElo "1729"]
[PlyCount "50"]
[WhiteFideId "4612922"]
[BlackFideId "24674796"]
[EventCountry "GER"]
[EventRounds "9"]
[EventType "swiss"]
[EventDate "2008.05.10"]

1. e4 c5 2. Nf3 Nc6 3. d4 cxd4 4. Nxd4 g6 5. Nc3 Bg7 6. Be3 Nf6 7. f3 O-O 8.
Qd2 d5 9. exd5 Nxd5 10. Nxc6 bxc6 11. Bd4 Bxd4 12. Qxd4 Qa5 13. Qa4 Qb6 14.
Nxd5 cxd5 15. O-O-O Be6 16. Qd4 Qa5 17. Kb1 Rab8 18. g4 Rfc8 19. h4 Rb4 20. Qe5
Rc5 21. b3 d4 22. Qe2 Qa3 23. h5 Bxb3 24. cxb3 Rxb3+ 25. axb3 Qxb3+ 0-1

[Event "DEM U14w 2008"]
[Site "Willingen GER"]
[Date "2008.05.13"]
[Round "4"]
[White "Plumbaum, Nadja"]
[Black "Zimmerer, Leah"]
[Result "1/2-1/2"]
[Termination "normal"]
[Board "6"]
[WhiteElo "1404"]
[BlackElo "1590"]
[PlyCount "54"]
[WhiteFideId "24691941"]
[BlackFideId "4620240"]
[EventCountry "GER"]
[EventRounds "9"]
[EventType "swiss"]
[EventDate "2008.05.10"]

1. c4 e5 2. g3 Nf6 3. Bg2 h6 4. Nc3 Bb4 5. Qc2 O-O 6. a3 Bxc3 7. Qxc3 Re8 8. d3
c6 9. Nf3 d6 10. O-O Nbd7 11. b4 Rb8 12. Bb2 b6 13. Rac1 Bb7 14. a4 a5 15. bxa5
bxa5 16. Ba3 c5 17. Rb1 Qc7 18. Nh4 Bxg2 19. Nxg2 Rxb1 20. Rxb1 Nb8 21. Qb3
Nfd7 22. Ne3 Nc6 23. Qb7 Qxb7 24. Rxb7 Ndb8 25. Nd5 Kf8 26. Bc1 Rd8 27. Bd2 Rd7
1/2-1/2

[Event "DEM U14w 2008"]
[Site "Willingen GER"]
[Date "2008.05.13"]
[Round "4"]
[White "Schätz, Bianca"]
[Black "Rethmann, Kristin"]
[Result "0-1"]
[Termination "normal"]
[Board "7"]
[WhiteElo "1311"]
[BlackElo "1453"]
[PlyCount "104"]
[WhiteFideId "24655821"]
[BlackFideId "24655805"]
[EventCountry "GER"]
[EventRounds "9"]
[EventType "swiss"]
[EventDate "2008.05.10"]

1. d4 e6 2. e3 d5 3. f4 f5 4. Nf3 Nf6 5. Bd3 Be7 6. O-O O-O 7. b3 Ne4 8. Ne5
Nd7 9. Bb2 Nxe5 10. dxe5 Bd7 11. c4 c6 12. Nd2 Bc5 13. Bd4 Qb6 14. Bxc5 Qxc5
15. Qe2 Kh8 16. Nxe4 fxe4 17. Bc2 Rf7 18. Kh1 Rg8 19. Rf2 Qa3 20. Qd2 Qb2 21.
Qd4 Qxd4 22. exd4 g5 23. g3 gxf4 24. Rxf4 Rxf4 25. gxf4 Be8 26. Rg1 Bh5 27.
Rxg8+ Kxg8 28. Kg1 Kf7 29. Kf2 Kg6 30. cxd5 cxd5 31. Ke3 Kf5 32. b4 b5 33. a4
a6 34. axb5 axb5 35. Bb3 Bg4 36. Bc2 Kg6 37. Bxe4+ dxe4 38. Kxe4 Bf5+ 39. Kf3
Kh5 40. Kg3 Bg4 41. Kf2 Kg6 42. Ke3 Kf5 43. d5 exd5 44. Kd4 Bf3 45. Kc5 Kxf4
46. e6 Ke5 47. e7 Bh5 48. Kxb5 Kd6 49. Ka6 Kxe7 50. b5 d4 51. b6 Bf3 52. b7
Bxb7+ 0-1

[Event "DEM U14w 2008"]
[Site "Willingen GER"]
[Date "2008.05.13"]
[Round "4"]
[White "Pohl, Theresa"]
[Black "Orhan, Eda"]
[Result "0-1"]
[Termination "normal"]
[Board "8"]
[WhiteElo "1337"]
[BlackElo "1534"]
[PlyCount "84"]
[BlackFideId "24659258"]
[EventCountry "GER"]
[EventRounds "9"]
[EventType "swiss"]
[EventDate "2008.05.10"]

1. d4 d5 2. c4 c6 3. Nc3 Nf6 4. Nf3 Nbd7 5. e3 e6 6. Bd3 Be7 7. O-O O-O 8. Re1
b6 9. e4 dxe4 10. Nxe4 Bb7 11. Ng3 c5 12. Be3 cxd4 13. Nxd4 Nc5 14. Bc2 Qc7 15.
Qe2 Nce4 16. Nb5 Qc6 17. f3 Nxg3 18. hxg3 Bc5 19. Nd4 Qd6 20. Rad1 Qxg3 21. Bf2
Qc7 22. Kh1 Rac8 23. Nb5 Qb8 24. Bh4 Qf4 25. Bf2 Bxf2 26. Qxf2 Rxc4 27. Bb3
Qh4+ 28. Kg1 Qxf2+ 29. Kxf2 Rc5 30. Nxa7 Ra5 31. Rd6 Rxa7 32. Rxb6 Bd5 33. a3
Bxb3 34. Rxb3 g6 35. Rc3 Nd5 36. Rc2 Rb8 37. Rec1 Nf4 38. Rd1 Rb3 39. Rcd2 Rab7
40. Kg3 g5 41. Kg4 h6 42. g3 f5# 0-1

[Event "DEM U14w 2008"]
[Site "Willingen GER"]
[Date "2008.05.13"]
[Round "4"]
[White "Evers, Annika"]
[Black "Hümmecke, Miriam"]
[Result "1-0"]
[Termination "normal"]
[Board "9"]
[WhiteElo "1516"]
[BlackElo "1471"]
[PlyCount "113"]
[WhiteFideId "24691933"]
[EventCountry "GER"]
[EventRounds "9"]
[EventType "swiss"]
[EventDate "2008.05.10"]

1. e4 e5 2. Nf3 Nc6 3. Bc4 Nf6 4. d3 Bc5 5. c3 a6 6. O-O h6 7. Be3 Ba7 8. Bb3
O-O 9. Nbd2 d5 10. exd5 Nxd5 11. d4 exd4 12. Nxd4 Ne5 13. N2f3 Bg4 14. h3 Nxe3
15. fxe3 Nxf3+ 16. Nxf3 Bxe3+ 17. Kh1 Bh5 18. g4 Bg6 19. Ne5 Qg5 20. Nxg6 Qxg6
21. Qf3 Kh8 22. Qxe3 f6 23. Rae1 Rae8 24. Qf3 Rxe1 25. Rxe1 Re8 26. Rxe8+ Qxe8
27. Kg2 Qe1 28. Bc4 Qd2+ 29. Qe2 Qd7 30. Bd3 Kg8 31. Qe4 Kf7 32. Qg6+ Kf8 33.
Qh7 Qd5+ 34. Kf2 Qc5+ 35. Ke2 Qe5+ 36. Kd1 Qd5 37. Qe4 Qd6 38. Qd4 Qc6 39. Qb4+
Kf7 40. Qc4+ Qxc4 41. Bxc4+ Ke7 42. Ke2 Kd6 43. Ke3 Ke5 44. Bd3 a5 45. b4 b6
46. h4 g5 47. h5 c6 48. bxa5 bxa5 49. Kd2 Kd5 50. Kc2 Kd6 51. Kb3 Kc5 52. Ka4
Kb6 53. a3 c5 54. Bc4 Kc6 55. Kxa5 Kd7 56. Kb5 Kd6 57. a4 1-0

[Event "DEM U14w 2008"]
[Site "Willingen GER"]
[Date "2008.05.13"]
[Round "4"]
[White "Brühan, Caren"]
[Black "Friese, Sarah"]
[Result "1-0"]
[Termination "normal"]
[Board "10"]
[WhiteElo "1221"]
[BlackElo "1338"]
[PlyCount "67"]
[WhiteFideId "24691976"]
[BlackFideId "24691950"]
[EventCountry "GER"]
[EventRounds "9"]
[EventType "swiss"]
[EventDate "2008.05.10"]

1. Nf3 d5 2. d4 Nf6 3. Bf4 c5 4. dxc5 e6 5. c4 Bxc5 6. e3 O-O 7. Nc3 Nc6 8. Be2
b6 9. O-O h6 10. h3 Bb7 11. Be5 Nxe5 12. Nxe5 Qd6 13. Nf3 e5 14. cxd5 Nxd5 15.
Nxd5 Bxd5 16. Qd2 Rfd8 17. a3 Qf6 18. Qc3 Bd6 19. Rad1 Rac8 20. Qd2 Bb7 21. Qe1
e4 22. Nd4 Be5 23. Qb4 a5 24. Qb5 Bxd4 25. Rxd4 Rxd4 26. exd4 Qxd4 27. Rd1 Qf6
28. Qb3 Qg6 29. Rd7 Bc6 30. Rxf7 Kh8 31. g3 e3 32. Kh2 exf2 33. Rxf2 Be8 34.
Rf8+ 1-0

[Event "DEM U14w 2008"]
[Site "Willingen GER"]
[Date "2008.05.13"]
[Round "4"]
[White "Schäfer, Ann-Kathrin"]
[Black "Rozenfeld, Elisabeth"]
[Result "0-1"]
[Termination "normal"]
[Board "11"]
[WhiteElo "1673"]
[BlackElo "1372"]
[PlyCount "64"]
[WhiteFideId "24615412"]
[BlackFideId "4624742"]
[EventCountry "GER"]
[EventRounds "9"]
[EventType "swiss"]
[EventDate "2008.05.10"]

1. e4 e6 2. d4 d5 3. e5 c5 4. c3 Nc6 5. Bd3 Bd7 6. Nf3 Qb6 7. Bc2 Nge7 8. a3
Nf5 9. Bxf5 exf5 10. b4 cxd4 11. Nxd4 Be7 12. Bf4 Nxd4 13. Qxd4 Qxd4 14. cxd4
f6 15. Nc3 g5 16. exf6 Bxf6 17. Nxd5 Bd8 18. Be5 O-O 19. O-O Bc6 20. Nc7 Bxc7
21. Bxc7 Rfe8 22. Rfe1 Rac8 23. Rxe8+ Bxe8 24. Be5 Rc3 25. Kf1 Bc6 26. f3 Bb5+
27. Ke1 Rc2 28. Rd1 Re2+ 29. Kf1 Rxe5+ 30. Kf2 Re2+ 31. Kg3 h5 32. f4 Re3+ 0-1

[Event "DEM U14w 2008"]
[Site "Willingen GER"]
[Date "2008.05.13"]
[Round "4"]
[White "Marx, Inga"]
[Black "Rogasch, Miriam"]
[Result "1/2-1/2"]
[Termination "normal"]
[Board "12"]
[WhiteElo "1530"]
[BlackElo "1560"]
[PlyCount "170"]
[WhiteFideId "4654749"]
[BlackFideId "4616324"]
[EventCountry "GER"]
[EventRounds "9"]
[EventType "swiss"]
[EventDate "2008.05.10"]

1. e4 e5 2. Nf3 Nc6 3. Bb5 a6 4. Ba4 Nf6 5. d3 b5 6. Bb3 d6 7. O-O Bg4 8. c3
Be7 9. h3 Bh5 10. Nbd2 Qd7 11. Re1 Na5 12. Bc2 O-O 13. Nf1 Nb7 14. Ng3 Bg6 15.
Nh4 Nc5 16. Nhf5 Rfe8 17. Qf3 Bf8 18. Bg5 Qd8 19. h4 Ne6 20. Nh6+ Kh8 21. Bxf6
Qxf6 22. Qxf6 gxf6 23. Ng4 Nf4 24. h5 Bxh5 25. Nxf6 Be7 26. Nfxh5 Rg8 27. Nxf4
exf4 28. Nf5 Bf6 29. f3 Rg5 30. Re2 Rag8 31. Bb3 Rf8 32. Kf2 a5 33. d4 a4 34.
Bc2 Rfg8 35. Rg1 b4 36. e5 dxe5 37. dxe5 b3 38. axb3 axb3 39. Bd3 Bd8 40. Nd4
c5 41. Nxb3 Bb6 42. c4 h5 43. Bc2 h4 44. Ree1 Bc7 45. Nxc5 Bxe5 46. Nb3 Bxb2
47. c5 Bc3 48. Rd1 Ra8 49. Be4 Ra2+ 50. Kf1 Rb2 51. Rb1 Ra2 52. c6 Be5 53. Rc1
Bc7 54. Rc2 Ra3 55. Nc1 Re3 56. Nd3 f5 57. Nc5 Ba5 58. Bd5 h3 59. c7 Bxc7 60.
Ne6 Ba5 61. Nxg5 h2 62. Nh3 Re1+ 63. Kf2 Rxg1 64. Nxg1 Bb6+ 65. Ke2 hxg1=Q 66.
Rc8+ Kg7 67. Rg8+ Kh7 68. Bf7 Qe3+ 69. Kd1 Qd3+ 70. Kc1 Qc3+ 71. Kb1 Bd4 72.
Rb8 Qe1+ 73. Kc2 Qe2+ 74. Kb1 Qd3+ 75. Ka2 Kg7 76. Bg8 Qa6+ 77. Kb3 Be5 78. Bc4
Qd6 79. Rg8+ Kh7 80. Ra8 Qd1+ 81. Kb4 Bd6+ 82. Kb5 Qb1+ 83. Kc6 Be5 84. Kc5
Qg1+ 85. Kb5 Qb1+ 1/2-1/2

[Event "DEM U14w 2008"]
[Site "Willingen GER"]
[Date "2008.05.13"]
[Round "5"]
[White "Stark, Saskia"]
[Black "Schulz, Anja"]
[Result "1-0"]
[Termination "normal"]
[Board "2"]
[WhiteElo "1926"]
[BlackElo "1863"]
[PlyCount "67"]
[WhiteFideId "4601050"]
[BlackFideId "24647845"]
[EventCountry "GER"]
[EventRounds "9"]
[EventType "swiss"]
[EventDate "2008.05.10"]

1. e4 c5 2. Nc3 Nc6 3. Bb5 Nd4 4. Bc4 g6 5. f4 d6 6. h3 Bg7 7. Nf3 e6 8. d3 Ne7
9. a3 a6 10. O-O O-O 11. Ne2 Nxf3+ 12. Rxf3 b5 13. Ba2 Qb6 14. Kh1 Bb7 15. h4
d5 16. e5 d4 17. Rh3 Qc6 18. Qf1 h5 19. Ng3 Nf5 20. Ne4 Qb6 21. Qe2 Rac8 22. g4
hxg4 23. Qxg4 Nh6 24. Qg2 c4 25. h5 Bd5 26. hxg6 fxg6 27. Qxg6 Nf5 28. Kh2 Bxe4
29. dxe4 Ne7 30. Qh7+ Kf7 31. Qh5+ Kg8 32. Bd2 Rf7 33. Rg1 c3 34. Qh8# 1-0

[Event "DEM U14w 2008"]
[Site "Willingen GER"]
[Date "2008.05.13"]
[Round "5"]
[White "Tran, My Linh"]
[Black "Kostré, Margarita"]
[Result "1-0"]
[Termination "normal"]
[Board "3"]
[WhiteElo "1480"]
[BlackElo "1752"]
[PlyCount "73"]
[WhiteFideId "24682462"]
[BlackFideId "4673344"]
[EventCountry "GER"]
[EventRounds "9"]
[EventType "swiss"]
[EventDate "2008.05.10"]

1. e4 e5 2. Nf3 Nc6 3. Bb5 a6 4. Bxc6 dxc6 5. O-O f6 6. d3 Bc5 7. Be3 Qd6 8.
Nbd2 Be6 9. Nb3 Bxe3 10. fxe3 O-O-O 11. Qe1 c5 12. Qa5 c4 13. Nc5 cxd3 14. cxd3
Ne7 15. Rfd1 Bg4 16. Qb4 Qb6 17. Qc3 Bxf3 18. gxf3 g5 19. Rac1 g4 20. Kf2 h5
21. a4 a5 22. Rc2 gxf3 23. Rdc1 c6 24. Qc4 Rd6 25. Qf7 Qd8 26. Qb3 b6 27. Na6
Rxd3 28. Rxc6+ Nxc6 29. Rxc6+ Kb7 30. Qb5 Rd2+ 31. Kxf3 Rxb2 32. Nc5+ Kb8 33.
Qxb2 Qd1+ 34. Kf2 Ka8 35. Rxb6 Rh7 36. Ra6+ Ra7 37. Qb7# 1-0

[Event "DEM U14w 2008"]
[Site "Willingen GER"]
[Date "2008.05.13"]
[Round "5"]
[White "Schätz, Annika"]
[Black "Rethmann, Kristin"]
[Result "1/2-1/2"]
[Termination "normal"]
[Board "4"]
[WhiteElo "1729"]
[BlackElo "1453"]
[PlyCount "46"]
[WhiteFideId "24674796"]
[BlackFideId "24655805"]
[EventCountry "GER"]
[EventRounds "9"]
[EventType "swiss"]
[EventDate "2008.05.10"]

1. e4 Nf6 2. e5 Nd5 3. c4 Nb6 4. d4 d6 5. exd6 cxd6 6. Nc3 g6 7. Nf3 Bg7 8. b3
Nc6 9. Bb2 Bg4 10. Be2 Bf5 11. O-O O-O 12. d5 Ne5 13. Nd4 Qc8 14. f4 Ng4 15.
Nxf5 gxf5 16. Rf3 Qc5+ 17. Kh1 Nf2+ 18. Rxf2 Qxf2 19. Qd3 Qh4 20. Qxf5 Qf6 21.
Qh3 Qh6 22. Qg3 Qg6 23. Qh3 Qh6 1/2-1/2

[Event "DEM U14w 2008"]
[Site "Willingen GER"]
[Date "2008.05.13"]
[Round "5"]
[White "Evers, Annika"]
[Black "Korman, Jewgenija"]
[Result "1/2-1/2"]
[Termination "normal"]
[Board "5"]
[WhiteElo "1516"]
[BlackElo "1774"]
[PlyCount "51"]
[WhiteFideId "24691933"]
[BlackFideId "24606669"]
[EventCountry "GER"]
[EventRounds "9"]
[EventType "swiss"]
[EventDate "2008.05.10"]

1. e4 c6 2. d4 d5 3. exd5 cxd5 4. Nf3 Nc6 5. c4 Nf6 6. Nc3 e6 7. Bd3 Be7 8. O-O
O-O 9. Bf4 Bd7 10. Rc1 Rc8 11. cxd5 exd5 12. a3 Na5 13. Re1 Be6 14. Qe2 a6 15.
b4 Nc4 16. Bxc4 Rxc4 17. Na4 b6 18. Nb2 Rxc1 19. Rxc1 b5 20. Nd3 Re8 21. Nc5
Bc8 22. Qd2 Ne4 23. Nxe4 dxe4 24. Ne5 Bd6 25. Qe3 Bb7 26. Qb3 1/2-1/2

[Event "DEM U14w 2008"]
[Site "Willingen GER"]
[Date "2008.05.13"]
[Round "5"]
[White "Kühnel, Lena"]
[Black "Weißenburg, Isabel"]
[Result "1-0"]
[Termination "normal"]
[Board "6"]
[WhiteElo "1672"]
[BlackElo "1406"]
[PlyCount "57"]
[WhiteFideId "24640956"]
[BlackFideId "4612922"]
[EventCountry "GER"]
[EventRounds "9"]
[EventType "swiss"]
[EventDate "2008.05.10"]

1. e4 c5 2. Nf3 d6 3. d4 cxd4 4. Nxd4 Nf6 5. Nc3 a6 6. Be3 e6 7. f3 Be7 8. Qd2
O-O 9. O-O-O b5 10. g4 Bb7 11. g5 Nfd7 12. h4 Nc6 13. Nxc6 Bxc6 14. h5 Ne5 15.
g6 Nxf3 16. gxh7+ Kh8 17. Qg2 b4 18. Qxf3 bxc3 19. Bd4 cxb2+ 20. Kb1 e5 21.
Bxe5 Qa5 22. Bc3 Qc5 23. h6 f6 24. hxg7+ Kxg7 25. Bd4 Qa5 26. Bc4 d5 27. exd5
Bb7 28. Rdg1+ Kh8 29. Qg3 1-0

[Event "DEM U14w 2008"]
[Site "Willingen GER"]
[Date "2008.05.13"]
[Round "5"]
[White "Zimmerer, Leah"]
[Black "Brühan, Caren"]
[Result "1-0"]
[Termination "normal"]
[Board "7"]
[WhiteElo "1590"]
[BlackElo "1221"]
[PlyCount "43"]
[WhiteFideId "4620240"]
[BlackFideId "24691976"]
[EventCountry "GER"]
[EventRounds "9"]
[EventType "swiss"]
[EventDate "2008.05.10"]

1. e4 c5 2. Nf3 Nc6 3. d4 cxd4 4. Nxd4 g6 5. Be3 Bg7 6. Bc4 Nf6 7. f3 O-O 8.
Nc3 a6 9. Qd2 b5 10. Bb3 Bb7 11. h4 e6 12. O-O-O Nxd4 13. Bxd4 d5 14. exd5 exd5
15. Be3 Re8 16. Bf2 Re5 17. Kb1 Bc6 18. Rhe1 Qd6 19. Bg3 Nd7 20. Bxe5 Bxe5 21.
Bxd5 Bxc3 22. Bxf7+ 1-0

[Event "DEM U14w 2008"]
[Site "Willingen GER"]
[Date "2008.05.13"]
[Round "5"]
[White "Orhan, Eda"]
[Black "Plumbaum, Nadja"]
[Result "1-0"]
[Termination "normal"]
[Board "8"]
[WhiteElo "1534"]
[BlackElo "1404"]
[PlyCount "43"]
[WhiteFideId "24659258"]
[BlackFideId "24691941"]
[EventCountry "GER"]
[EventRounds "9"]
[EventType "swiss"]
[EventDate "2008.05.10"]

1. d4 d5 2. Nf3 Nf6 3. e3 e6 4. Bd3 Bd6 5. O-O O-O 6. b3 Nbd7 7. Bb2 Re8 8. Ne5
c5 9. f4 b6 10. Nd2 Bb7 11. Qf3 cxd4 12. exd4 Rb8 13. Qh3 Ne4 14. Nxe4 dxe4 15.
Bb5 Bc8 16. Nc6 Qf6 17. Nxb8 Bxb8 18. Rad1 a6 19. Bc6 Ba7 20. Bxe4 Nc5 21.
Qxh7+ Kf8 22. Ba3 1-0

[Event "DEM U14w 2008"]
[Site "Willingen GER"]
[Date "2008.05.13"]
[Round "5"]
[White "Rozenfeld, Elisabeth"]
[Black "Schätz, Bianca"]
[Result "1/2-1/2"]
[Termination "normal"]
[Board "9"]
[WhiteElo "1372"]
[BlackElo "1311"]
[PlyCount "104"]
[WhiteFideId "4624742"]
[BlackFideId "24655821"]
[EventCountry "GER"]
[EventRounds "9"]
[EventType "swiss"]
[EventDate "2008.05.10"]

1. e4 c5 2. Nf3 Nc6 3. c3 g6 4. d4 cxd4 5. cxd4 Bg7 6. Nc3 d6 7. Bb5 Bd7 8. Bf4
a6 9. Ba4 b5 10. Bb3 Nf6 11. Qd3 O-O 12. O-O Na5 13. Bc2 b4 14. Ne2 Bb5 15. Qd1
Rc8 16. b3 Qb6 17. Re1 Rfe8 18. Bd3 Bxd3 19. Qxd3 Nc6 20. Ng3 Na7 21. Rac1 Nb5
22. Bd2 a5 23. h3 Qb7 24. Rxc8 Rxc8 25. Rc1 Rxc1+ 26. Bxc1 Nc3 27. a4 Nfxe4 28.
Nxe4 Qxe4 29. Qxe4 Nxe4 30. Kf1 Nc3 31. Bb2 Nd5 32. g3 Bh6 33. Ke2 e6 34. Kd3
Nc7 35. Kc4 Kf8 36. Kd3 Ke7 37. Nd2 d5 38. f4 f6 39. Nf3 Ne8 40. Bc1 Nd6 41. g4
Nf7 42. g5 fxg5 43. Nxg5 Bxg5 44. fxg5 Kd7 45. Be3 Nd6 46. Bf4 Ne4 47. Ke2 Nd6
48. Be5 Ne4 49. Bf4 Nd6 50. Be5 Nf7 51. Bf4 Kc6 52. Kd3 Nd6 1/2-1/2